| 000 | 00753nam a2200229 a 4500 | ||
|---|---|---|---|
| 001 | 924 | ||
| 003 | BR-CuiBMT | ||
| 005 | 20231123014935.0 | ||
| 008 | 231122s2000 rjba 000 0 por d | ||
| 020 | _a8568646511 | ||
| 040 |
_aBR-CuiBMT _cBR-CuiBMT |
||
| 080 |
_22007 _a658.31.084.3 |
||
| 090 |
_a658.31.084.3 _bS555a |
||
| 100 | 1 | _aShigunov Neto, Alexandre | |
| 245 | 1 | 0 |
_aAvaliação de desempenho : _bas propostas que exigem uma nova postura dos administradores / _cAlexandre Shigunov Neto. |
| 260 |
_aRio de Janeiro : _bBook Express, _c2000. |
||
| 300 |
_a114 p. : _bil. ; _c24 cm |
||
| 504 | _aInclui bibliografia. | ||
| 650 | _aAvaliação de desempenho | ||
| 650 |
_aAdministração de pessoal _xAvaliação de desempenho |
||
| 942 |
_2udc _cLV |
||
| 999 |
_c924 _d924 |
||